000 00511nam a2200181 i 4500
001 51868
003 ES-MaACL
005 20240225063050.0
007 t|
008 030820s1970 mx |||| | spa d
080 _a821.134.2(728.5)-14"19"
100 1 _aDarío, Rubén,
_d1867-1916
_942720
245 1 0 _aPoema del otoño y otros poemas /
_cRubén Darío.
260 _aMéxico :
_bEditora Nacional,
_c[1970]
300 _a232 p. ;
_c17 cm.
852 _aES-MaACL
_jE-9337
999 _c51868
_d51868